<?xml version="1.0" encoding="UTF-8"?><record xmlns="http://www.loc.gov/MARC21/slim" xmlns:zs="http://docs.oasis-open.org/ns/search-ws/sruResponse">
  <leader>03304ngm a2200637 a 4500</leader>
  <controlfield tag="001">11675393</controlfield>
  <controlfield tag="005">20250606175205.3</controlfield>
  <controlfield tag="007">mrucf--dnnaraauac199606</controlfield>
  <controlfield tag="007">mrucf--dnnbdaauac199606</controlfield>
  <controlfield tag="007">mrucf--dnnbdaauac199606</controlfield>
  <controlfield tag="007">mrucf--dnnazaauac199606</controlfield>
  <controlfield tag="008">960610s1962    xxu031            mleng  </controlfield>
  <datafield ind1=" " ind2=" " tag="035">
    <subfield code="a">11675393</subfield>
  </datafield>
  <datafield ind1=" " ind2=" " tag="906">
    <subfield code="a">0</subfield>
    <subfield code="b">ibc</subfield>
    <subfield code="c">orignew</subfield>
    <subfield code="d">u</subfield>
    <subfield code="e">ncip</subfield>
    <subfield code="f">19</subfield>
    <subfield code="g">y-movingim</subfield>
  </datafield>
  <datafield ind1=" " ind2=" " tag="955">
    <subfield code="a">LCAP batch update 2025-06-01-04:00: LCAPM-1033</subfield>
  </datafield>
  <datafield ind1=" " ind2=" " tag="010">
    <subfield code="a">   96510672 </subfield>
  </datafield>
  <datafield ind1=" " ind2=" " tag="035">
    <subfield code="9">(DLC)   96510672</subfield>
  </datafield>
  <datafield ind1=" " ind2=" " tag="040">
    <subfield code="a">DLC</subfield>
    <subfield code="c">DLC</subfield>
    <subfield code="e">amim</subfield>
  </datafield>
  <datafield ind1="0" ind2="0" tag="050">
    <subfield code="a">FCA 5029 (ref print)</subfield>
  </datafield>
  <datafield ind1="0" ind2="0" tag="050">
    <subfield code="a">CTA 0009 (dupe neg)</subfield>
  </datafield>
  <datafield ind1="0" ind2="0" tag="050">
    <subfield code="a">FUA 0434 (dupe neg, copy 2)</subfield>
  </datafield>
  <datafield ind1="0" ind2="0" tag="050">
    <subfield code="a">FUA 0436 (arch pos)</subfield>
  </datafield>
  <datafield ind1="0" ind2="0" tag="245">
    <subfield code="a">Dog star man.</subfield>
    <subfield code="n">Part 1 /</subfield>
    <subfield code="c">by Stan Brakhage.</subfield>
  </datafield>
  <datafield ind1="1" ind2=" " tag="246">
    <subfield code="i">Alternate title from film can:</subfield>
    <subfield code="a">Dogstar man.</subfield>
    <subfield code="n">Part 1</subfield>
  </datafield>
  <datafield ind1=" " ind2=" " tag="257">
    <subfield code="a">U.S.</subfield>
  </datafield>
  <datafield ind1=" " ind2=" " tag="260">
    <subfield code="a">United States :</subfield>
    <subfield code="b">Canyon Cinema Cooperative :</subfield>
    <subfield code="b">Film-Makers Cooperative,</subfield>
    <subfield code="c">1962.</subfield>
  </datafield>
  <datafield ind1=" " ind2=" " tag="300">
    <subfield code="a">1 reel (ca. 1100 ft.) :</subfield>
    <subfield code="b">si., col. ;</subfield>
    <subfield code="c">16 mm. ref print.</subfield>
  </datafield>
  <datafield ind1=" " ind2=" " tag="300">
    <subfield code="a">1 reel (ca. 1100 ft.) :</subfield>
    <subfield code="b">si., col. ;</subfield>
    <subfield code="c">16 mm. dupe neg.</subfield>
  </datafield>
  <datafield ind1=" " ind2=" " tag="300">
    <subfield code="a">1 reel (ca. 1100 ft.) :</subfield>
    <subfield code="b">si., col. ;</subfield>
    <subfield code="c">16 mm. dupe neg. (copy 2)</subfield>
  </datafield>
  <datafield ind1=" " ind2=" " tag="300">
    <subfield code="a">1 reel (ca. 1100 ft.) :</subfield>
    <subfield code="b">si., col. ;</subfield>
    <subfield code="c">16 mm. arch pos.</subfield>
  </datafield>
  <datafield ind1=" " ind2=" " tag="336">
    <subfield code="a">two-dimensional moving image</subfield>
    <subfield code="b">tdi</subfield>
    <subfield code="2">rdacontent</subfield>
  </datafield>
  <datafield ind1=" " ind2=" " tag="337">
    <subfield code="a">projected</subfield>
    <subfield code="b">g</subfield>
    <subfield code="2">rdamedia</subfield>
  </datafield>
  <datafield ind1=" " ind2=" " tag="338">
    <subfield code="a">film reel</subfield>
    <subfield code="b">mr</subfield>
    <subfield code="2">rdacarrier</subfield>
  </datafield>
  <datafield ind1=" " ind2=" " tag="500">
    <subfield code="a">Summary taken from document in M/B/RS Acquisitions files (AFI/Brakhage (Stan) file)</subfield>
  </datafield>
  <datafield ind1=" " ind2=" " tag="500">
    <subfield code="a">This film (dupe neg, copy 2 and arch pos) was selected for the National Film Registry.</subfield>
    <subfield code="5">DLC</subfield>
  </datafield>
  <datafield ind1=" " ind2=" " tag="500">
    <subfield code="a">Archival positive to be used as a theatrical projection print only.</subfield>
    <subfield code="5">DLC</subfield>
  </datafield>
  <datafield ind1=" " ind2=" " tag="500">
    <subfield code="a">On reel with parts 2-4.</subfield>
  </datafield>
  <datafield ind1=" " ind2=" " tag="500">
    <subfield code="a">Sources used: Stan Brakhage: a guide to references and resources; Stan Brakhage film catalogue; M/B/RS Acquisitions files; J. Limbacher's Feature films, eighth edition, p. 134.</subfield>
  </datafield>
  <datafield ind1=" " ind2=" " tag="508">
    <subfield code="a">Photography, Jane Brakhage.</subfield>
  </datafield>
  <datafield ind1="0" ind2=" " tag="511">
    <subfield code="a">Appearing: Stan Brakhage, Brown Dog, Pasht, the cat.</subfield>
  </datafield>
  <datafield ind1=" " ind2=" " tag="520">
    <subfield code="a">Part 1 is a Noh drama, the exploration in minute detail of a single action and all its ramifications. The formal construction of film, the interrelationships and significance of the images, has been woven on an extremely subtle level. Each shot appears only as an isolated piece.</subfield>
  </datafield>
  <datafield ind1=" " ind2=" " tag="541">
    <subfield code="d">Received: 8/4/69;</subfield>
    <subfield code="3">ref print and dupe neg;</subfield>
    <subfield code="c">gift;</subfield>
    <subfield code="a">AFI/Brakhage (Stan) Collection.</subfield>
  </datafield>
  <datafield ind1=" " ind2=" " tag="541">
    <subfield code="d">Received: 10/6/95;</subfield>
    <subfield code="3">dupe neg (copy 2) and arch pos;</subfield>
    <subfield code="c">purchase, paperwork in ACQ: Brakhage (Stan) file, purchase order no. 95/040135;</subfield>
    <subfield code="a">LC Purchase Collection.</subfield>
  </datafield>
  <datafield ind1=" " ind2="7" tag="655">
    <subfield code="a">Personal/independent films and video.</subfield>
    <subfield code="2">mim</subfield>
  </datafield>
  <datafield ind1="1" ind2=" " tag="700">
    <subfield code="a">Brakhage, Stan,</subfield>
    <subfield code="e">filmmaker.</subfield>
  </datafield>
  <datafield ind1="1" ind2=" " tag="700">
    <subfield code="a">Wodening, Jane,</subfield>
    <subfield code="d">1936-</subfield>
    <subfield code="e">camera.</subfield>
  </datafield>
  <datafield ind1="2" ind2=" " tag="710">
    <subfield code="a">Canyon Cinema Cooperative.</subfield>
  </datafield>
  <datafield ind1="2" ind2=" " tag="710">
    <subfield code="a">Film-Makers' Cooperative.</subfield>
  </datafield>
  <datafield ind1="2" ind2=" " tag="710">
    <subfield code="a">AFI/Brakhage (Stan) Collection (Library of Congress)</subfield>
    <subfield code="5">DLC</subfield>
  </datafield>
  <datafield ind1="2" ind2=" " tag="710">
    <subfield code="a">LC Purchase Collection (Library of Congress)</subfield>
    <subfield code="5">DLC</subfield>
  </datafield>
  <datafield ind1=" " ind2=" " tag="952">
    <subfield code="a">Ref print (FCA 5029) not screened; arch pos (FUA 0436) screened for contents and credits.</subfield>
  </datafield>
  <datafield ind1=" " ind2=" " tag="953">
    <subfield code="a">TE01</subfield>
  </datafield>
  <datafield ind1=" " ind2=" " tag="991">
    <subfield code="b">c-MP&amp;TV</subfield>
    <subfield code="h">FCA 5029 (ref print)</subfield>
    <subfield code="w">MUMS VM File</subfield>
  </datafield>
  <datafield ind1=" " ind2=" " tag="991">
    <subfield code="b">c-MP&amp;TV</subfield>
    <subfield code="h">CTA 0009 (dupe neg)</subfield>
    <subfield code="w">MUMS VM File</subfield>
  </datafield>
  <datafield ind1=" " ind2=" " tag="991">
    <subfield code="b">c-MP&amp;TV</subfield>
    <subfield code="h">FUA 0434 (dupe neg, copy 2)</subfield>
    <subfield code="w">MUMS VM File</subfield>
  </datafield>
  <datafield ind1=" " ind2=" " tag="991">
    <subfield code="b">c-MP&amp;TV</subfield>
    <subfield code="h">FUA 0436 (arch pos)</subfield>
    <subfield code="w">MUMS VM File</subfield>
  </datafield>
</record>
